000 01156nam a2200241 a 4500
999 _c447277
_d447277
003 BLK
005 20230727123702.0
008 220302b bu |||||r|||| 00| | bu d
040 _aBLK
041 _aBUL
_cBUL
080 _aСелскостопански предприятия според формата на земевладение, според правото на собственост, според методите на управлението - частни стопанства,колективни,колхози,совхози,държавни колективни стопанства
_b631.115
_x(497.215)(062)
_z631.115(497.215)(062)
139 _aПо пътя на възхода
_bП 62
245 _aПо пътя на възхода
_h[Малотир. изд.]
_b1948-1868
260 _9441842
_aРусе
_c1968
300 _a102 с.
_bс табл.
_c24x15 см
380 _a63
500 _aИзд. ТКЗС "Ленин" с. Борово, Русенски окръг
651 7 _9178642
_aБорово
653 7 _9198375
_aТКЗС
852 _bК
_cК 63/П 62
942 _cKNG
_n0
_s1
_01
944 _aCR
_c2022-03-07
_k30556
_lТеодора Пейчева-Дянкова